Love is strong as death: (Record no. 3511)

000 -LEADER
fixed length control field 00586nam a2200181 a 4500
001 - CONTROL NUMBER
control field :::00001242$&:&@@
003 - CONTROL NUMBER IDENTIFIER
control field OkBaRHE
005 - DATE AND TIME OF LATEST TRANSACTION
control field 20000607103242.0
008 - FIXED-LENGTH DATA ELEMENTS--GENERAL INFORMATION
fixed length control field s1943 j 000 0 eng u
040 ## - CATALOGING SOURCE
Transcribing agency
100 1# - MAIN ENTRY--PERSONAL NAME
Personal name Lindemann, H.
245 10 - TITLE STATEMENT
Title Love is strong as death:
Remainder of title messages from the lives of Bible characters.
260 ## - PUBLICATION, DISTRIBUTION, ETC. (IMPRINT)
Place of publication, distribution, etc Grand Rapids, MI., :
Name of publisher, distributor, etc Zondervan Publishing House
Date of publication, distribution, etc c1943
300 ## - PHYSICAL DESCRIPTION
Extent 80 p. ;
Dimensions 20 cm.
650 ## - SUBJECT ADDED ENTRY--TOPICAL TERM
Topical term or geographic name as entry element Bible
General subdivision Biography
942 ## - ADDED ENTRY ELEMENTS (KOHA)
Source of classification or shelving scheme
Koha item type Books
Copies
Date acquired Price effective from Source of classification or shelving scheme Barcode Lost status Damaged status Withdrawn status Permanent Location Full call number Not for loan Date last seen Koha item type Copy number Shelving location
2010-04-142010-04-14 1242   RHEMA Bible Training CollegeBS 571 .L512 2010-04-14Books1General Stacks